| 000 | 00321nam a2200121Ia 4500 | ||
|---|---|---|---|
| 008 | 230907s9999||||xx |||||||||||||| ||und|| | ||
| 082 |
_a515.14 _bGRE |
||
| 100 |
_aGreenberg, Michael D., _9115932 |
||
| 245 | 0 | _aAdvanced engineering mathematics / | |
| 260 |
_aPearson, _bNoida : _c2019 |
||
| 300 | _a1346 p. : | ||
| 942 | _cBK | ||
| 999 |
_c600210 _d600210 |
||